000 01083nam a2200229 i 4500
001 185401
003 ES-MaACL
005 20231204184350.0
008 160531s1947 sp cf |||| |bspa d
080 _a929 Vega de Armijo. Antonio Aguilar y Correa. Marqués de la
100 1 _aNaveros, José Miguel.
_985224
245 1 3 _aEl marqués de la Vega de Armijo
_b: 56 años de política liberal /
_cpor José Miguel Naveros Burgos.
260 _aMadrid :
_bPurcalla,
_c1947.
300 _a185 p., [5] h. de lám. ;
_c21 cm.
490 1 _aMedio siglo de historia.
_aLos presidentes del Consejo de la Monarquía, 1874-1931 ;
_v13
490 1 _aLos presidentes del Consejo de la Monarquía Española, 1874-1931
600 1 7 _aAguilar y Correa, Antonio,
_cMarqués de la Vega de Armijo,
_d1824-1908
_2embne
_918751
830 0 _aMedio siglo de historia.
_aLos presidentes del Consejo de la Monarquía, 1874-1931 ;
_v13
_9192289
830 0 _aLos presidentes del Consejo de la Monarquía Española, 1874-1931
_9192290
852 _aES-MaACL
_jE-4335
999 _c185401
_d185401